Siksha monobigyan aru saikhik parisankhya (Record no. 2157)

MARC details
000 -LEADER
fixed length control field 00574cam a2200217ua 4500
001 - CONTROL NUMBER
control field 2297
005 - DATE AND TIME OF LATEST TRANSACTION
control field 20260515113454.0
008 - FIXED-LENGTH DATA ELEMENTS--GENERAL INFORMATION
fixed length control field 110805n ii |||gr||||Z||||||asm
040 ## - CATALOGING SOURCE
Transcribing agency MAIN
082 ## - DEWEY DECIMAL CLASSIFICATION NUMBER
Classification number 370.15
100 ## - MAIN ENTRY--PERSONAL NAME
Personal name Chaliha, Bad Kr.,
245 1# - TITLE STATEMENT
Title Siksha monobigyan aru saikhik parisankhya
Statement of responsibility, etc. by Bad Kr. Chaliha
250 ## - EDITION STATEMENT
Edition statement 1st.
260 ## - PUBLICATION, DISTRIBUTION, ETC.
Place of publication, distribution, etc. Jorhat:
Name of publisher, distributor, etc. Bidya Bhawan,
Date of publication, distribution, etc. 2008-09.
300 ## - PHYSICAL DESCRIPTION
Extent 777p:
Dimensions 23cm.
653 ## - INDEX TERM--UNCONTROLLED
Uncontrolled term Education
653 ## - INDEX TERM--UNCONTROLLED
Uncontrolled term Siksha monobigyan aru saikhik parisankhya
700 ## - ADDED ENTRY--PERSONAL NAME
Personal name Saikia, Tarun,
700 ## - ADDED ENTRY--PERSONAL NAME
Personal name Saikia, Runu Bora,
942 ## - ADDED ENTRY ELEMENTS (KOHA)
Koha item type Books
Holdings
Withdrawn status Lost status Damaged status Not for loan Home library Current library Shelving location Date acquired Total checkouts Full call number Barcode Date last seen Copy number Price effective from Koha item type
        Naharkatiya College Library Naharkatiya College Library General stacks 09/19/2020   370.15 | CHA 19492 09/19/2020 1 09/19/2020 Books